书目信息 |
| 题名: |
三音节状中结构中韵律与句法的互动研究
|
|
| 作者: | 崔四行 著 | |
| 分册: | ||
| 出版信息: | 北京 中国社会科学出版社 2012 |
|
| 页数: | 181页 | |
| 开本: | 21cm | |
| 丛书名: | ||
| 单 册: | ||
| 中图分类: | H116.3 | |
| 科图分类: | ||
| 主题词: | 汉语 , 音节 , 汉语--音节--结构--研究 | |
| 电子资源: | ||
| ISBN: | 978-7-5161-0721-8 | |
| 000 | 00936nam0 2200265 45 | |
| 001 | 515 | |
| 005 | 20130605090051.04 | |
| 010 | @a978-7-5161-0721-8@dCNY35.00 | |
| 100 | @a20121013d2012 em y0chiy50 ea | |
| 101 | 0 | @achi |
| 102 | @aCN@b110000 | |
| 105 | @ay z 000yy | |
| 106 | @ar | |
| 200 | 1 | @a三音节状中结构中韵律与句法的互动研究@ASan Yin Jie Zhuang Zhong Jie Gou Zhong Yun Lu^ Yu Ju Fa De Hu Dong Yan Jiu@f崔四行著@FCui Si Xing Zhu |
| 210 | @a北京@c中国社会科学出版社@d2012 | |
| 215 | @a181页@d21cm | |
| 300 | @a教育部人文社会科学研究青年基金资助 项目编号:10YJC740017 华中师范大学文学院出版基金资助 | |
| 330 | @a本书在韵律、句法、语体研究框架下,探求三音节状中结构中音节组合的奥秘,并提出“整体性原则”。 | |
| 606 | 0 | @a汉语 |
| 606 | 0 | @a音节 |
| 606 | 0 | @a汉语@x音节@x结构@x研究 |
| 690 | @aH116.3@v5 | |
| 701 | 0 | @a崔四行@ACui Si Xing@4著 |
| 801 | @aCN@bTANGWEI@c20130522 | |
| 905 | @b0834563-65@dH116.3@e112@f3 | |
| 三音节状中结构中韵律与句法的互动研究/崔四行著.-北京:中国社会科学出版社,2012 |
| 181页;21cm |
| 教育部人文社会科学研究青年基金资助 项目编号:10YJC740017 华中师范大学文学院出版基金资助 |
| ISBN 978-7-5161-0721-8:CNY35.00 |
| 本书在韵律、句法、语体研究框架下,探求三音节状中结构中音节组合的奥秘,并提出“整体性原则”。 |
| ● |
| 相关链接 |
|
|
|
|
正题名:三音节状中结构中韵律与句法的互动研究
索取号:H116.3/112
 
预约/预借
| 序号 | 登录号 | 条形码 | 馆藏地/架位号 | 状态 | 备注 |
| 1 | 0834563 | 208345637 | 第二样本阅览室/ [索取号:H116.3/112] | 在馆 | |
| 2 | 0834564 | 208345646 | 第四借阅区/ [索取号:H116.3/112] | 在馆 | |
| 3 | 0834565 | 208345655 | 密集书库-文学院/ [索取号:H116.3/112] | 在馆 |